000
00299nam a2200109Ia 4500
008
220204s9999 xx 000 0 und d
082
_a
058:339.564
_b
KER
245
4
_a
The Kerala exporters directory
260
_a
Kerala, India
_b
Small Industries Service Institute(SISI
490
_a
2001
942
_c
BK
999
_c
44001
_d
44001